[Event "Oberliga Sued W 2122"]
[Site "Germany"]
[Date "2022.03.13"]
[Round "7.8"]
[White "Hipler, Andreas"]
[Black "Winkler, Nils"]
[Result "1/2-1/2"]
[WhiteElo "1802"]
[BlackElo "1847"]
[PlyCount "40"]
[EventDate "2021.10.24"]
[EventType "team-tourn"]
[EventRounds "9"]
[EventCountry "GER"]
[SourceTitle "EXT 2023"]
[Source "ChessBase"]
[SourceDate "2022.10.05"]
[SourceVersion "1"]
[SourceVersionDate "2022.10.05"]
[SourceQuality "1"]
[WhiteTeam "Gau Algesheim"]
[BlackTeam "Heidesheim"]
[WhiteTeamCountry "GER"]
[BlackTeamCountry "GER"]

1. d4 Nf6 2. Nf3 g6 3. g3 Bg7 4. Bg2 0-0 5. 0-0 d6 6. b3 c5 7. Bb2 cxd4 8. Nxd4 Qc7 9. c4 Nc6 10. e3 Bd7 11. Nc3 Rac8 12. Rc1 Qb8 13. Qd2 a6 14. Nd5 Nxd5 15. cxd5 Nxd4 16. Bxd4 b5 17. Bxg7 Kxg7 18. b4 Rxc1 19. Rxc1 Rc8 20. Rc3 f6 1/2-1/2